Statistiques concernant Trouve La Chanson de Stray Kids

Cliquez ici pour prendre le quiz!

Statistiques générales

  • Ce quiz a été pris 395 fois
    (387 depuis la dernière actualisation)
  • Le résultat moyen est 8 sur 12

Statistiques - réponses

Réponse% Correct
CASE 143
95%
Thunderous
84%
Red Lights
83%
Christmas Evel
81%
God's Menu
81%
Maniac
81%
S-Class
73%
Back Door
63%
Get Cool
47%
My Pace
34%
Miroh
26%
Victory Song
24%

Distribution des résultats

Percentile par nombre de réponses

% des personnes avec chaque résultat

Votre développement - résultats

Vous n’avez pas pris ce quiz depuis la dernière actualisation